000 00264nam a22001217a 4500
008 170328b xxu||||| |||| 00| 0 eng d
041 _aeng
080 _25ED
_a615.83
100 _a8
101 _aSHM
245 _aPERIODOTAL THERAPY
_cGPLDMAN.H.M
942 _2udc
_cBK
999 _c8855
_d8855